| Registos Bibliográficos associados ao registo de autoridade |
|
Etiqueta de registo: 00230nam 2200025 450 001 1740588 003 http://id.bnportugal.gov.pt/bib/catbnp/1740588 100 ## $a20100317d2008 k y0pory0103 ba 101 0# $apor$deng 102 ## $aPT 105 ## $aa m 000yy 106 ## $ar 200 1# $a As poéticas do olhar$bTexto policopiado]$econtributos para a compreensão do espaço natural enquanto cenário de construção de
realidades imaginadas assentes na memória autobiográfica$fDária Joana Teixeira Salgado$gorient. Heitor Alvelos, Vítor Martins 210 #9 $aPorto$c[s.n.],$d2008 215 ## $a50 f.$cil.$d30 cm$ememórias de um lugar, um filme Dária Salgado (1 disco óptico (CD-ROM) na última página) 215 ## $a1 disco óptico (CD-ROM) em caixa$cil.$d13 x 14 x 1 cm 305 ## $aEd. impressa e em CD-ROM 320 ## $aBibliografia, f. 38-41 328 #0 $bTese mestr.$cDesign de Comunicação$eFac. de Belas Artes, Univ. do Porto$d2008 517 1# $aMemórias de um lugar 675 ## $a791.63(043)$vBN$zpor$31185345 675 ## $a7.047(043)$vBN$zpor$31423182 675 ## $a791.63Tarkovsky, André(043)$vBN$zpor$31376510 700 #1 $aSalgado,$bDária Joana Teixeira$31414570 702 #1 $aAlvelos,$bHeitor$4727$31648911 702 #1 $92$aMartins,$bVitor$4727$334883 712 02 $aUniversidade do Porto.$bFaculdade de Belas Artes$4295$3205904 801 #0 $aPT$bBN$gRPC 966 ## $lBN$mDEM$sB.A. 8121 P.$x1 966 ## $lBN$mFGMON$sB.A. 31509 V.$x1
Etiqueta de registo: 00000nam 2200025 450 001 2079379 003 http://id.bnportugal.gov.pt/bib/catbnp/2079379 100 ## $a20210907d2021 k y0pory01030103ba 101 0# $apor$deng 102 ## $aPT 105 ## $aa m 000yy 106 ## $ar 200 1# $a Uma poética da paisagem$e o espiritual na arte contemporânea, produção artística e fruição estética$fDária Joana Teixeira Salgado$gorient. José Maçãs de Carvalho, Sérgio Emanuel Dias Branco 210 #9 $aCoimbra$c[s.n.],$d2021 215 ## $a219 p.$cil.$d30 cm 328 #1 $aTese dout. Arte Contemporânea, Colégio das Artes da Universidade de Coimbra, 2021 675 ## $a7.01(043)$vBN$zpor$31221252 675 ## $a7.047(043)$vBN$zpor$31423182 700 #1 $aSalgado,$bDária Joana Teixeira$31414570 702 #1 $aCarvalho,$bJosé Maçãs de,$f1960-$4727$388881 702 #1 $aBranco,$bSérgio Dias,$f1977-$4727$31437877 801 #0 $aPT$bBN$gRPC 966 ## $lBN$mFGMON$sB.A. 46640 V.$x1 971 ## $clrevez$d20210907 972 ## $e0$d20220105$vasantos 973 ## $ccristinat$d20220103
Etiqueta de registo: 00254nam 2200025 450 001 2284633 003 http://id.bnportugal.gov.pt/bib/catbnp/2284633 010 ## $a978-989-36707-0-5 021 ## $aPT$b559014/26 100 ## $a20260417d2026 m y0pory01030103ba 101 0# $apor$aeng$afre 102 ## $aPT 105 ## $aa b 000yy 106 ## $ar 200 1# $aPecados e capitais ou uma certa névoa para espaços vazios$dSins and capitals or a certain myst for empty spaces$fartistas Alexandra Costa... [et al.]$gensaios críticos Carl Olsson... [et al.]$gensaios visuais Dária Salgado... [et al.]$gfot. António Alves... [et al.]$zeng 205 ## $a1ª ed 210 #9 $aPorto$cCentro de Estudos Arnaldo Araújo,$d2026 215 ## $a309, [3] p.$cil.$d24 cm 510 1# $aSins and capitals or a certain myst for empty spaces$zeng 702 #1 $98$aCosta,$bAlexandra$4040$31926265 702 #1 $aOlsson,$bCarl$4212$31997183 702 #1 $aSalgado,$bDária Joana Teixeira$4205$31414570 702 #1 $92$aAlves,$bAntónio$4600$31145794 801 #0 $aPT$bBN$gRPC 966 ## $lBN$mFGMON$x1 971 ## $cssilva$d20260417
|
|
|